00867nam a22002057a 4500003000900000008004100009040007100050082001900121100002100140245006500161260003000226300003800256505020800294650001700502650001600519650002400535700005100559710004000610710001100650AR-CdUCM190515b ||||| |||| 00| 0 spa d aMUNICIPALIDAD PROVINCIAL DEL CUSCOcBIBLIOTECA MUNICIPAL DEL CUSCO a372.611 /bG12 aGagne, Robert M. aPrincipios básicos del aprendizaje para la instrucción / aMéxico :bDiana,c1975. a199 páginas ;bfiguras,c22 cm. aContenido: Los procesos del aprendizaje -- El resultado del aprendizaje -- Condiciones para el aprendizaje -- Planificación de la instrucción -- Transmisión de la instrucción -- Autoevaluación. aPsicología aAprendizaje aCapacidades humanas aDíaz Cortes Ferrando, Paulina (traducción) aCentro Regional de Ayuda Técnica. aA.I.D.